00250nam a22000977a 4500008004100000041000800041080001000049100000600059101001200065245007500077190314b xxu||||| |||| 00| 0 eng d aeng a043.3 a0 aSHKI-BA aHow Blockchain could revolutionize the Internet of ThingscKajtazaj, S